Gerencia y Administración de sistemas de suministro de medicamentos esenciales / (Registro nro. 27874)

Detalles MARC
000 -LEADER
fixed length control field 01194nam a22002417a 4500
003 - CONTROL NUMBER IDENTIFIER
control field CO-CtgCURN
005 - DATE AND TIME OF LATEST TRANSACTION
control field 20250402172443.0
008 - FIXED-LENGTH DATA ELEMENTS--GENERAL INFORMATION
fixed length control field 250402b |||||||| |||| 00| 0 eng d
020 ## - INTERNATIONAL STANDARD BOOK NUMBER
International Standard Book Number 9589678033
040 ## - CATALOGING SOURCE
Transcribing agency coctgcurn
082 ## - DEWEY DECIMAL CLASSIFICATION NUMBER
Classification number 362.1782
Item number G367
245 ## - TITLE STATEMENT
Title Gerencia y Administración de sistemas de suministro de medicamentos esenciales /
Statement of responsibility, etc. editores, Gloria Ines Jaramillo Gaviria, Jorge Eduardo Muñoz Marin.
250 ## - EDITION STATEMENT
Edition statement cuarta edición
260 ## - PUBLICATION, DISTRIBUTION, ETC.
Place of publication, distribution, etc. Medellín :
Name of publisher, distributor, etc. Cooperativa de Hospitales de Antioquia,
Date of publication, distribution, etc. 2005.
300 ## - PHYSICAL DESCRIPTION
Extent 214 páginas
504 ## - BIBLIOGRAPHY, ETC. NOTE
Bibliography, etc. note Incluye bibliografía al final de cada capitulo.
505 ## - FORMATTED CONTENTS NOTE
Formatted contents note Direccionamiento estratégico -- Gestión del desarrollo humano -- Gestión del desarrollo sostenible -- Desarrollo tecnológico en la organización -- Selección y estimación de necesidades de medicamentos e insumos hospitalarios esencial -- Promoción del uso adecuado de los medicamentos -- Comercialización
650 ## - SUBJECT ADDED ENTRY--TOPICAL TERM
Topical term or geographic name entry element Medicamentos
650 ## - SUBJECT ADDED ENTRY--TOPICAL TERM
Topical term or geographic name entry element Prescripciones médicas.
700 ## - ADDED ENTRY--PERSONAL NAME
Personal name Jaramillo Gaviria, Gloria Inés.
Relator term editor
700 ## - ADDED ENTRY--PERSONAL NAME
Personal name Muñoz Marín, Jorge Eduardo.
Relator term editor
942 ## - ADDED ENTRY ELEMENTS (KOHA)
Source of classification or shelving scheme Dewey Decimal Classification
Koha item type Libros
Classification part 362.1782
Item part G367
Suppress in OPAC No
Existencias
Withdrawn status Lost status Source of classification or shelving scheme Damaged status Not for loan Collection Home library Current library Shelving location Date acquired Inventory number Total checkouts Full call number Barcode Date last seen Price effective from Koha item type Public note
    Dewey Decimal Classification     General Miguel Henríquez Emiliani Miguel Henríquez Emiliani General 04/02/2025 002530   362.1782 G367 002530 04/02/2025 04/02/2025 Libros 360-SER.SO